Statystyki dla Quiz o Tadżykistanie

Kliknij tutaj aby rozwiązać quiz!

Ogólne statystyki

  • Ten quiz został rozwiązany 492 razy
  • Średni wynik to 10 z 14

Statystyki odpowiedzi

WskazówkaOdpowiedź% Poprawnych
Najczęściej wyznawana religiaIslam
94%
Państwo, od którego Tadżykistan odzyskał niepodległość w 1991Związek Radziecki
93%
Z czterech państw graniczących z Tadżykistanem
jedyne, które nie kończy się na "Stan”
Chiny
92%
Nazwij jeden z dwóch krajów, które
mają wyższą średnią wysokość n.p.m. niż Tadżykistan
Bhutan | Nepal
86%
Starożytny szlak handlowy, który przebiegał przez Tadżykistan{Jedwabny} Szlak
84%
Region, w którym leży TadżykistanAzja {Środkowa}
83%
Stolica TadżykistanuDuszanbe
82%
Drugi lingua franca Tadżykistanurosyjski
81%
Podobnie jak jego sąsiad Afganistan,
Tadżykistan jest ośrodkiem produkcji tego nielegalnego narkotyku
Heroina
73%
47% PKB Tadżykistanu pochodzi z przelewów finansowych
od obywateli, którzy pracują __ ____
Za granicą
47%
W Tadżykistanie można znaleźć najdłuższe _____ poza
regionami polarnymi
Lodowce
46%
Tadżycki, oficjalny język Tadżykistanu, to dialekt...perskiego
41%
Dawna nazwa powyższego miasta{Stalin}abad
37%
Określenie walki między Wielką Brytanią a Rosją o
kontrolę nad tym obszarem w XIX wieku
Wielka Gra
26%

Rozkład punktacji

Percentyl według liczby udzielonych odpowiedzi

Procent ludzi z każdym wynikiem

Twoja historia wyników

Nie rozwiązałeś tego quizu